000 00274nam a22001337a 4500
008 170726b xxu||||| |||| 00| 0 eng d
020 _a90066776
041 _aeng
080 _a004
100 _a30
101 _aSHK
245 _aSTUDIO 8
_cARMSTRONG,J
942 _2udc
_cBK
999 _c21957
_d21957